| 000 | 00601nam a22001695i 4500 | ||
|---|---|---|---|
| 001 | 54703 | ||
| 003 | ES-MaACL | ||
| 007 | t| | ||
| 008 | 960725s1885 it a ||||1| fre d | ||
| 040 |
_aCAM _bspa _cCAM |
||
| 100 | 1 |
_aFurse, Edouard Henri. _953051 |
|
| 245 | 1 | 0 |
_aMèmoires numismatiques de l'ordre souverain de Saint Jean de Jérusalem / _cillustrées avec les medailles et monnaies frappées par les grands maitres de l'ordre, par Edouard Henri Furse. |
| 250 | _a2e éd. | ||
| 260 |
_aRome : _bForzani & C. éditeurs, _c1885. |
||
| 300 |
_a430 p. : _bil. ; _c28 cm. |
||
| 852 |
_aES-MaACL _jG-4438 |
||
| 999 |
_c54703 _d54703 |
||